000 00559nam a2200193Ia 4500
005 20250326141731.0
008 250326s9999 xx 000 0 und d
020 _a81-85194-06-8
037 _aTextbook
040 _aFMSL
_beng
_cFMSL
041 _aeng
_2eng
084 _aX9W N0
_qFMSL
100 _aReddy Y V
245 0 _aPublic enterprises : Towards a white paper
_cReddy Y V And Others
260 _aHyderabad
_bHyderabad, Institute of Public enterprice
_c1990
300 _axvi,309
942 _cTB
_hX9W N0
999 _c1291714
_d1291714